| 000 | 00523nam a2200157 4500 | ||
|---|---|---|---|
| 001 | 125710 | ||
| 003 | ES-MaACL | ||
| 007 | t| | ||
| 008 | 070214s1949 sp r ||||1| spa d | ||
| 100 | 1 |
_aRato y Rodríguez San Pedro, Apolinar de. _995533 |
|
| 245 | 1 | 3 |
_aLa compañía anónima en la ley, en la jurisprudencia, en la doctrina y en la práctica / _cApolinar de Rato y Rodríguez San Pedro. |
| 250 | _a1ª. ed. | ||
| 260 |
_aMadrid : _bReus, _c1949. |
||
| 300 |
_a480 p. ; _c22 cm. |
||
| 852 |
_aES-MaACL _jB-2247 _bR.28431 |
||
| 999 |
_c125710 _d125710 |
||